[Event "CZE-ch Juniors op-B"]
[Site "Sec u Chrudimi"]
[Date "2007.03.12"]
[Round "4"]
[White "Gruss, Petr"]
[Black "Machan, Vaclav"]
[Result "1-0"]
[WhiteElo "1617"]
[BlackElo "1484"]
[PlyCount "55"]
[EventDate "2007.03.10"]
[EventType "swiss"]
[EventRounds "9"]
[EventCountry "CZE"]
[SourceTitle "EXT 2008"]
[Source "ChessBase"]
[SourceDate "2007.11.25"]
[SourceVersion "1"]
[SourceVersionDate "2007.11.25"]
[SourceQuality "1"]

1. e4 e5 2. Nf3 Nc6 3. d4 exd4 4. Bc4 Bb4+ 5. c3 dxc3 6. 0-0 cxb2 7. Bxb2 f6 8. Qb3 Nh6 9. e5 Ng4 10. exf6 gxf6 11. Bf7+ Kf8 12. Bh5 d5 13. Nc3 Be6 14. Rfe1 Qd6 15. Rad1 Nce5 16. Nxe5 Nxe5 17. a3 d4 18. Qa4 Bxc3 19. Bxc3 Qc6 20. Qxd4 Rg8 21. Qb4+ Kg7 22. Qe7+ Bf7 23. Bxe5 fxe5 24. Bxf7 Kh8 25. Bxg8 Kxg8 26. Rd8+ Rxd8 27. Qxd8+ Kf7 28. Qh8 1-0

[Event "CZE Juniorcentrum op-B"]
[Site "Sec u Chrudimi"]
[Date "2005.10.26"]
[Round "6"]
[White "Seiner, Frantisek"]
[Black "Gruss, Petr"]
[Result "1/2-1/2"]
[WhiteElo "1718"]
[BlackElo "1616"]
[PlyCount "80"]
[EventDate "2005.10.22"]
[EventType "swiss"]
[EventRounds "9"]
[EventCountry "CZE"]
[SourceTitle "EXT 2008"]
[Source "ChessBase"]
[SourceDate "2007.11.25"]
[SourceVersion "1"]
[SourceVersionDate "2007.11.25"]
[SourceQuality "1"]

1. d4 d5 2. c4 dxc4 3. Nc3 e6 4. e3 Nf6 5. Bxc4 Be7 6. Nf3 0-0 7. 0-0 a6 8. Qc2 b5 9. Bd3 Bb7 10. e4 g6 11. Bh6 Re8 12. Rad1 Nbd7 13. Bc1 Nb6 14. h3 c5 15. dxc5 Nbd7 16. c6 Bxc6 17. Ne2 Rc8 18. Qd2 Qc7 19. Ng3 Ne5 20. Nxe5 Qxe5 21. f4 Qd4+ 22. Qe3 Qxe3+ 23. Bxe3 h5 24. f5 gxf5 25. exf5 Bd5 26. Bd4 e5 27. Be3 Bc5 28. Bxc5 Rxc5 29. Rc1 Rxc1 30. Rxc1 e4 31. Be2 Kg7 32. Nxh5+ Nxh5 33. Bxh5 Bxa2 34. Be2 Rd8 35. Ra1 Rd2 36. Rxa2 Rxe2 37. Rxa6 Rxb2 38. Ra3 b4 39. Re3 Kf6 40. Rxe4 Kxf5 1/2-1/2

[Event "Volyne op-B"]
[Site "Volyne"]
[Date "2003.??.??"]
[Round "?"]
[White "Rusnak, Jan"]
[Black "Gruss, Petr"]
[Result "1-0"]
[WhiteElo "1717"]
[BlackElo "1628"]
[PlyCount "33"]
[EventDate "2003.??.??"]
[EventType "swiss"]
[EventRounds "9"]
[EventCountry "CZE"]
[SourceTitle "EXT 2005"]
[Source "ChessBase"]
[SourceDate "2004.11.15"]
[SourceVersion "1"]
[SourceVersionDate "2004.11.15"]
[SourceQuality "1"]

1. e4 e5 2. Nc3 Nc6 3. f4 exf4 4. Nf3 d6 5. d4 Bg4 6. Bxf4 Be7 7. Be2 Bf6 8. Be3 g6 9. 0-0 Qd7 10. d5 Bxf3 11. dxc6 bxc6 12. Rxf3 Bxc3 13. bxc3 Qe6 14. Qd4 f6 15. Bc4 Qe5 16. Bxg8 Rxg8 17. Rxf6 1-0

[Event "Most op-A"]
[Site "Most"]
[Date "1999.??.??"]
[Round "?"]
[White "Foglar, Stanislav Jr"]
[Black "Gruss, Petr"]
[Result "1-0"]
[WhiteElo "1825"]
[BlackElo "1705"]
[PlyCount "125"]
[EventDate "1999.??.??"]
[EventType "swiss"]
[EventRounds "9"]
[EventCountry "CZE"]
[SourceTitle "EXT 2003"]
[Source "ChessBase"]
[SourceDate "2002.11.25"]
[SourceVersion "1"]
[SourceVersionDate "2002.11.25"]
[SourceQuality "1"]

1. e4 e5 2. Nf3 d6 3. d4 exd4 4. Qxd4 Nc6 5. Bb5 Bd7 6. Bxc6 Bxc6 7. Nc3 Nf6 8. Bg5 Be7 9. 0-0-0 0-0 10. e5 Ne8 11. h4 Bxf3 12. gxf3 Bxg5+ 13. hxg5 Qxg5+ 14. f4 dxe5 15. fxg5 exd4 16. Rxd4 Nd6 17. Rdh4 f6 18. f4 fxg5 19. fxg5 Nf5 20. Rxh7 Kf7 21. R7h3 a6 22. Nd5 c6 23. Nf4 Rae8 24. Rb3 Re7 25. Rf3 Rd7 26. Nd3 Rd5 27. c4 Rxd3 28. Rxd3 Kg6 29. Rg1 c5 30. Rd5 b6 31. b3 Re8 32. Kd2 Rh8 33. Rg2 Re8 34. Rf2 Ng3 35. Rd6+ Kxg5 36. Rg2 Kf4 37. Rxb6 Kf3 38. Rxg3+ Kxg3 39. Rg6+ Kf3 40. Rxg7 Re2+ 41. Kd3 Rxa2 42. Rf7+ Kg4 43. Ke4 Rb2 44. Rg7+ Kh3 45. Rb7 Kg4 46. Kd5 a5 47. Rb5 Ra2 48. Kxc5 Kf4 49. Kb6 a4 50. bxa4 Rxa4 51. c5 Ke5 52. Rb1 Rc4 53. c6 Kd6 54. Rd1+ Ke6 55. Kb7 Rb4+ 56. Kc8 Rb6 57. c7 Rb5 58. Re1+ Kf7 59. Re4 Rb2 60. Kd7 Rd2+ 61. Kc6 Rc2+ 62. Kd6 Rd2+ 63. Kc5 1-0

[Event "Most op-A"]
[Site "Most"]
[Date "1999.??.??"]
[Round "?"]
[White "Gruss, Petr"]
[Black "Sebl, Jan"]
[Result "0-1"]
[WhiteElo "1705"]
[BlackElo "1830"]
[PlyCount "92"]
[EventDate "1999.??.??"]
[EventType "swiss"]
[EventRounds "9"]
[EventCountry "CZE"]
[SourceTitle "EXT 2003"]
[Source "ChessBase"]
[SourceDate "2002.11.25"]
[SourceVersion "1"]
[SourceVersionDate "2002.11.25"]
[SourceQuality "1"]

1. e4 c6 2. Bc4 d5 3. exd5 cxd5 4. Bb3 Nf6 5. d4 Nc6 6. c3 Bf5 7. Nd2 e6 8. Ne2 Bd6 9. h3 0-0 10. Bc2 Ne7 11. 0-0 Qc7 12. Nf3 Rac8 13. Bg5 Ne4 14. Bh4 Ng6 15. Bg5 h6 16. Be3 Ne7 17. Nh4 Bh7 18. Nf3 f5 19. Nd2 f4 20. Nxe4 dxe4 21. Bd2 f3 22. Nc1 Rf6 23. gxf3 Rcf8 24. fxe4 e5 25. d5 Qd7 26. Kg2 Bg6 27. Be3 Qe8 28. Bd3 Rf3 29. Qc2 Nxd5 30. Bc4 Kh8 31. Bxd5 Bh5 32. Rg1 Qg6+ 33. Kf1 Qf6 34. Ke1 Qh4 35. Qd2 Rxh3 36. Be6 Rh1 37. Ne2 Rxg1+ 38. Nxg1 Be7 39. Bh3 Qxe4 40. Rc1 Rd8 41. f3 Bh4+ 42. Kf1 Bxf3 43. Bd7 Qc4+ 44. Ne2 Rxd7 45. Qc2 Rf7 46. Kg1 Qg4+ 0-1

[Event "Most op-A"]
[Site "Most"]
[Date "1999.??.??"]
[Round "?"]
[White "Junova, Miroslava"]
[Black "Gruss, Petr"]
[Result "1-0"]
[WhiteElo "1910"]
[BlackElo "1705"]
[PlyCount "65"]
[EventDate "1999.??.??"]
[EventType "swiss"]
[EventRounds "9"]
[EventCountry "CZE"]
[SourceTitle "EXT 2003"]
[Source "ChessBase"]
[SourceDate "2002.11.25"]
[SourceVersion "1"]
[SourceVersionDate "2002.11.25"]
[SourceQuality "1"]

1. e4 e5 2. Nf3 Nf6 3. Nc3 Nc6 4. Bc4 Be7 5. d4 exd4 6. Nxd4 Nxd4 7. Qxd4 0-0 8. e5 Ne8 9. Qe4 d6 10. f4 c6 11. Bd3 g6 12. Bd2 Bf5 13. Qf3 Bxd3 14. cxd3 Nc7 15. f5 dxe5 16. Bh6 Re8 17. fxg6 hxg6 18. Rf1 f6 19. Qg3 Kf7 20. 0-0-0 f5 21. Ne4 Rg8 22. Qxe5 Qd7 23. Bg5 Nd5 24. Rde1 Nb4 25. Nd6+ Qxd6 26. Qxe7+ Qxe7 27. Rxe7+ Kf8 28. Rxb7 Nxd3+ 29. Kc2 Ne5 30. Bh6+ Ke8 31. Re1 g5 32. Rxe5+ Kd8 33. Rxf5 1-0